Banach Space Theory (Record no. 14470)

MARC details
000 -LEADER
fixed length control field 01946nam a2200265Ia 4500
003 - CONTROL NUMBER IDENTIFIER
control field OSt
005 - DATE AND TIME OF LATEST TRANSACTION
control field 20250722094405.0
008 - FIXED-LENGTH DATA ELEMENTS--GENERAL INFORMATION
fixed length control field 220909b |||||||| |||| 00| 0 eng d
020 ## - INTERNATIONAL STANDARD BOOK NUMBER
International Standard Book Number 9781441975140
040 ## - CATALOGING SOURCE
Original cataloging agency CSL
Language of cataloging eng
Transcribing agency CSL
041 ## - LANGUAGE CODE
Language code of text/sound track or separate title eng
084 ## - COLON CLASSIFICATION NUMBER
Classification number B43N63 Q1 TB
Assigning agency CSL
245 #0 - TITLE STATEMENT
Title Banach Space Theory
Remainder of title : The Basis for Linear and Nonlinear Analysis
260 ## - PUBLICATION, DISTRIBUTION, ETC.
Place of publication, distribution, etc. New York :
Name of publisher, distributor, etc. Springer,
Date of publication, distribution, etc. 2011.
300 ## - PHYSICAL DESCRIPTION
Extent xiii, 820p.
490 ## - SERIES STATEMENT
Series statement CMS Books in Mathematics
500 ## - GENERAL NOTE
General note Includes References 751-776p.; Index 777-820p.
520 ## - SUMMARY, ETC.
Summary, etc. Banach spaces provide a framework for linear and nonlinear functional analysis, operator theory, abstract analysis, probability, optimization and other branches of mathematics. This book introduces the reader to linear functional analysis and to related parts of infinite-dimensional Banach space theory. Key Features: - Develops classical theory, including weak topologies, locally convex space, Schauder bases and compact operator theory - Covers Radon-Nikodým property, finite-dimensional spaces and local theory on tensor products - Contains sections on uniform homeomorphisms and non-linear theory, Rosenthal's L1 theorem, fixed points, and more - Includes information about further topics and directions of research and some open problems at the end of each chapter - Provides numerous exercises for practice The text is suitable for graduate courses or for independent study. Prerequisites include basic courses in calculus and linear. Researchers in functional analysis will also benefit for this book as it can serve as a reference book.
650 ## - SUBJECT ADDED ENTRY--TOPICAL TERM
Topical term or geographic name entry element Banach space theory.
9 (RLIN) 816257
650 ## - SUBJECT ADDED ENTRY--TOPICAL TERM
Topical term or geographic name entry element Linear and nonlinear analysis.
9 (RLIN) 816258
650 ## - SUBJECT ADDED ENTRY--TOPICAL TERM
Topical term or geographic name entry element Mathematics.
700 ## - ADDED ENTRY--PERSONAL NAME
Personal name Fabian, Marian
Relator term author.
9 (RLIN) 816259
942 ## - ADDED ENTRY ELEMENTS (KOHA)
Classification part B43N63 Q1 TB
Koha item type Textual
Source of classification or shelving scheme Colon Classification (CC)
Suppress in OPAC No
Holdings
Withdrawn status Lost status Damaged status Not for loan Home library Current library Date acquired Source of acquisition Total Checkouts Full call number Barcode Date last seen Price effective from Koha item type
        Central Science Library Central Science Library 2022-09-12 736, 30/03/2012, Aviva Books Company   B43N63 Q1 TB SL1558095 2022-09-12 2022-09-12 Textual
Copyright @ Delhi University Library System